01321cam a2200349 a 450000100090000000300040000900500170001300800410003001000170007102000340008802000390012203500130016104000190017404300120019305000250020508200190023010000470024924500410029625000170033726000370035430000540039133600260044533700280047133800270049950000600052650400410058660000470062765000620067465100530073685600950078985600870088411874116OSt20260429081204.0991221r20001999cauaf b 000 0deng  a 99086633  a0375406069qpbk. : alk. paper a9780520225237q(pbk. : alk. paper) a11874116 aDLCcIRDPdDLC ae-uk-ni00aDA990.U46bM525 200000a303.66 MIT2211 aMITCHELL, GEORGE J.q(George John),d1933-10aMAKING PEACEcBY GEORGE J. MITCHELL a1st pbk. ed. aNEW YORK bALFRED A. KNOPFc1999 axiii, 187 p., [16] p. of plates :bill. ;c23 cm. atextbtxt2rdacontent aunmediatedbn2rdamedia avolumebnc2rdacarrier aOriginally published: New York : Alfred A. Knopf, 1999. aIncludes bibliographical references.10aMitchell, George J.q(George John),d1933- 0aPeace movementszNorthern IrelandxHistoryy20th century. 0aNorthern IrelandxPolitics and governmenty1998-423Contributor biographical informationuhttp://www.loc.gov/catdir/bios/ucal052/99086633.html423Publisher descriptionuhttp://www.loc.gov/catdir/description/ucal042/99086633.html